[Event "Leitao Academia Online op"]
[Site "Chess.com INT"]
[Date "2020.05.13"]
[Round "5"]
[White "Giorgi Junior, Romulo Ponticelli"]
[Black "Godinho, Bruno Cesar Ferreir"]
[Result "0-1"]
[WhiteElo "1348"]
[BlackElo "1736"]
[PlyCount "68"]
[EventDate "2020.04.11"]
[EventType "swiss (rapid)"]
[EventRounds "6"]
[EventCountry "BRA"]
[SourceTitle "EXT 2021"]
[Source "ChessBase"]
[SourceDate "2020.10.23"]
[SourceVersion "1"]
[SourceVersionDate "2020.10.23"]
[SourceQuality "1"]

1. e4 c5 2. Nc3 e6 3. Nf3 Qc7 4. d4 cxd4 5. Nxd4 a6 6. Be3 Nf6 7. f3 d6 8. g4 b5 9. h4 b4 10. Nce2 Bb7 11. h5 d5 12. g5 Nfd7 13. exd5 Bxd5 14. Bf4 Ne5 15. Bg2 Bd6 16. 0-0 0-0 17. Bxe5 Bxe5 18. f4 Bxg2 19. Kxg2 Bxd4 20. Nxd4 Nc6 21. Nb3 Rad8 22. Qe2 Ne7 23. Rac1 Nf5 24. c3 Qb6 25. Rfe1 Rd6 26. c4 Qb8 27. c5 Rd5 28. Qf2 Rfd8 29. c6 Qc7 30. Rc2 Rd3 31. Rd2 Qxc6+ 32. Kf1 Qh1+ 33. Qg1 Ng3+ 34. Kf2 Rf3# 0-1